[Event "Titled Tuesday intern op 01st Apr Late"]
[Site "Chess.com INT"]
[Date "2025.04.01"]
[Round "3"]
[White "Girya, Olga"]
[Black "Sayce, Hannah"]
[Result "0-1"]
[WhiteElo "2400"]
[BlackElo "1872"]
[PlyCount "168"]
[EventDate "2025.04.01"]
[EventType "swiss (blitz)"]
[EventRounds "11"]
[EventCountry "USA"]
[SourceTitle "CB21_2025"]
[SourceDate "2025.05.21"]
[SourceVersion "1"]
[SourceVersionDate "2025.05.21"]
[SourceQuality "1"]

1. d4 Nf6 2. Nf3 e6 3. c4 d5 4. Nc3 Bb4 5. cxd5 exd5 6. Bf4 c6 7. e3 0-0 8. Bd3 Re8 9. 0-0 Nbd7 10. h3 h6 11. Qc2 b6 12. a3 Bf8 13. b4 Bb7 14. Ne5 Nxe5 15. Bxe5 Nd7 16. Bg3 Rc8 17. Qe2 Nf6 18. Rfc1 Bd6 19. Bxd6 Qxd6 20. Ba6 Re7 21. Rc2 c5 22. Nb5 Qb8 23. Bxb7 Rxb7 24. Rac1 c4 25. Nc3 Re7 26. Qf3 Qd6 27. Qf5 Rce8 28. b5 g6 29. Qf3 Kg7 30. a4 Ne4 31. Nxe4 Rxe4 32. g3 R4e6 33. h4 Rf6 34. Qg2 Re4 35. Rb2 h5 36. Kh2 Re7 37. Kg1 Rc7 38. Rc3 Qe6 39. Rbc2 Qd6 40. Kh2 Re6 41. Qf3 Rce7 42. Qf4 Qd7 43. Qg5 Re4 44. f3 R4e6 45. Kg2 f6 46. Qf4 Qe8 47. Kf2 Qd7 48. Re2 Rd6 49. g4 hxg4 50. Qxg4 Qxg4 51. fxg4 Re4 52. Kf3 Rde6 53. Rh2 Re7 54. h5 g5 55. Rg2 Kh6 56. Rg3 Rf7 57. Kg2 f5 58. gxf5 Rxf5 59. Rh3 g4 60. Rh4 Rxh5 61. Rxh5+ Kxh5 62. Kg3 Kg5 63. Ra3 Re6 64. Kf2 Rh6 65. Kg3 Rh3+ 66. Kg2 Kf5 67. a5 Ke4 68. axb6 axb6 69. Ra6 Rh6 70. Ra3 Re6 71. Kg3 Kf5 72. Rc3 Re4 73. Kg2 Re6 74. Kg3 Rh6 75. Kg2 Rh3 76. Ra3 Ke4 77. Ra6 Kxe3 78. Rxb6 Kxd4 79. Rg6 Rb3 80. b6 c3 81. Rxg4+ Kd3 82. Rg6 c2 83. Rc6 d4 84. Kf2 Rxb6 0-1

[Event "Titled Tuesday intern op 01st Apr Late"]
[Site "Chess.com INT"]
[Date "2025.04.01"]
[Round "5"]
[White "Sayce, Hannah"]
[Black "Dobrosmyslov, Artem"]
[Result "1-0"]
[WhiteElo "1872"]
[BlackElo "2297"]
[PlyCount "101"]
[EventDate "2025.04.01"]
[EventType "swiss (blitz)"]
[EventRounds "11"]
[EventCountry "USA"]
[SourceTitle "CB21_2025"]
[SourceDate "2025.05.21"]
[SourceVersion "1"]
[SourceVersionDate "2025.05.21"]
[SourceQuality "1"]

1. e4 Nc6 2. Nf3 d5 3. exd5 Qxd5 4. Nc3 Qh5 5. d3 Bg4 6. Be2 0-0-0 7. Bd2 Nf6 8. h3 e5 9. Qc1 Kb8 10. Ne4 Nxe4 11. dxe4 f6 12. 0-0 Bxh3 13. gxh3 Qxh3 14. Nh2 h5 15. Be3 Bd6 16. c3 f5 17. Rd1 f4 18. Bf1 Qh4 19. Bd2 Rh6 20. f3 Rg6+ 21. Kh1 Qg3 22. Be3 fxe3 23. Qxe3 Rf8 24. Rd2 Rf4 25. Rg2 h4 26. Rxg3 hxg3 27. Ng4 Rf8 28. Bh3 Rh8 29. Kg2 b6 30. Kxg3 Bc5 31. Qd3 Rd6 32. Qc4 Rd2 33. Rh1 Rf8 34. Bg2 Ne7 35. Qe6 Rd6 36. Qxe5 Rd2 37. Qg5 Bd6+ 38. e5 Nf5+ 39. Kh2 Rh8+ 40. Kg1 Rd1+ 41. Kf2 Bc5+ 42. Ke2 Rdxh1 43. Bxh1 Rxh1 44. Qxf5 Rh2+ 45. Kd3 Kb7 46. Qf7 Bd4 47. Ke4 Rh3 48. Kxd4 Rh4 49. Ke4 Rxg4+ 50. fxg4 Kc6 51. Qd5# 1-0

[Event "Titled Tuesday intern op 01st Apr Late"]
[Site "Chess.com INT"]
[Date "2025.04.01"]
[Round "8"]
[White "Toczek, Grzegorz"]
[Black "Sayce, Hannah"]
[Result "1-0"]
[WhiteElo "2233"]
[BlackElo "1872"]
[PlyCount "105"]
[EventDate "2025.04.01"]
[EventType "swiss (blitz)"]
[EventRounds "11"]
[EventCountry "USA"]
[SourceTitle "CB21_2025"]
[SourceDate "2025.05.21"]
[SourceVersion "1"]
[SourceVersionDate "2025.05.21"]
[SourceQuality "1"]

1. e4 c5 2. Nf3 e6 3. b3 Nc6 4. Bb2 d6 5. Bb5 Bd7 6. 0-0 Nf6 7. Re1 a6 8. Bxc6 Bxc6 9. e5 dxe5 10. Nxe5 Qc7 11. Nc3 Be7 12. d3 0-0 13. Nxc6 Qxc6 14. Ne4 Nxe4 15. Rxe4 f5 16. Re1 Bf6 17. Be5 Rad8 18. Qe2 Rde8 19. a4 Qd5 20. a5 Bxe5 21. Qxe5 Kf7 22. Ra4 Re7 23. Rc4 Rc8 24. d4 Rec7 25. Qg3 Qd7 26. Qe5 cxd4 27. Rxd4 Qe7 28. c4 Rc5 29. Qe2 Rxa5 30. Red1 Rc7 31. Qh5+ Kf6 32. f4 g6 33. Qh3 Rac5 34. Rd8 e5 35. R1d6+ Kg7 36. Qc3 b5 37. fxe5 bxc4 38. e6+ Kh6 39. Qh3+ Kg7 40. Qc3+ Kh6 41. R8d7 Rxd7 42. Rxd7 Qg5 43. Qg7+ Kh5 44. Qxh7+ Kg4 45. Qh3+ Kf4 46. Qf3+ Ke5 47. e7 Qc1+ 48. Kf2 Qc2+ 49. Qe2+ Qxe2+ 50. Kxe2 Kf4 51. e8Q Re5+ 52. Qxe5+ Kxe5 53. bxc4 1-0

[Event "Titled Tuesday intern op 18th Mar Late"]
[Site "Chess.com INT"]
[Date "2025.03.18"]
[Round "1"]
[White "Bolourchifard, Farzad"]
[Black "Sayce, Hannah"]
[Result "1-0"]
[WhiteElo "2292"]
[BlackElo "1872"]
[PlyCount "49"]
[EventDate "2025.03.18"]
[EventType "swiss (blitz)"]
[EventRounds "11"]
[EventCountry "USA"]
[SourceTitle "CB13_2025"]
[SourceDate "2025.03.26"]
[SourceVersion "1"]
[SourceVersionDate "2025.03.26"]
[SourceQuality "1"]

1. e4 c5 2. Nc3 d6 3. g3 g6 4. Bg2 Bg7 5. d3 e6 6. Be3 Ne7 7. Qd2 Nbc6 8. Bh6 0-0 9. h4 Bxh6 10. Qxh6 Kh8 11. Nf3 Ng8 12. Qd2 Qf6 13. h5 a6 14. 0-0-0 b5 15. hxg6 fxg6 16. Ng5 Ra7 17. f4 h6 18. e5 dxe5 19. Bxc6 exf4 20. Nce4 Qe7 21. Rh4 Kg7 22. Rdh1 Rc7 23. Qc3+ e5 24. Bd5 Bf5 25. Bxg8 1-0

[Event "Titled Tuesday intern op 18th Mar Late"]
[Site "Chess.com INT"]
[Date "2025.03.18"]
[Round "5"]
[White "Felix, Raphael"]
[Black "Sayce, Hannah"]
[Result "1-0"]
[WhiteElo "2038"]
[BlackElo "1872"]
[PlyCount "69"]
[EventDate "2025.03.18"]
[EventType "swiss (blitz)"]
[EventRounds "11"]
[EventCountry "USA"]
[SourceTitle "CB13_2025"]
[SourceDate "2025.03.26"]
[SourceVersion "1"]
[SourceVersionDate "2025.03.26"]
[SourceQuality "1"]

1. d4 Nf6 2. c4 e6 3. Nf3 d5 4. g3 dxc4 5. Bg2 Nc6 6. 0-0 Nd5 7. Qc2 Nb6 8. Rd1 Be7 9. a4 a5 10. Na3 Nb4 11. Qb1 Bd7 12. Nb5 Nxa4 13. Nc3 Nb6 14. Ne5 Bc8 15. Bf4 0-0 16. e4 h6 17. d5 exd5 18. Nxd5 N4xd5 19. exd5 Bd6 20. Qc1 Qf6 21. Nxc4 Bxf4 22. gxf4 Nxc4 23. Qxc4 Bg4 24. Rd2 Rfc8 25. h3 Bh5 26. Re1 Bg6 27. Rde2 Bf5 28. Re5 Kh7 29. Rxf5 Qxb2 30. Rxf7 Rf8 31. Qxc7 Rxf7 32. Qxf7 Qb4 33. Be4+ Kh8 34. Re2 Rg8 35. Qg6 1-0

[Event "Sitges Sunway op-A 11th"]
[Site "Sitges"]
[Date "2024.12.22"]
[Round "10"]
[White "Schmitt, Carsten1"]
[Black "Sayce, Hannah"]
[Result "1-0"]
[WhiteElo "1976"]
[BlackElo "1821"]
[PlyCount "123"]
[EventDate "2024.12.12"]
[EventType "swiss"]
[EventRounds "10"]
[EventCountry "ESP"]
[SourceTitle "CB52_2024"]
[SourceDate "2024.12.25"]
[SourceVersion "1"]
[SourceVersionDate "2024.12.25"]
[SourceQuality "1"]

1. c4 e5 2. g3 Nf6 3. Bg2 d5 4. cxd5 Nxd5 5. Nc3 Nb6 6. Nf3 Nc6 7. 0-0 Be7 8. d3 0-0 9. Be3 Be6 10. Rc1 f6 11. d4 exd4 12. Nxd4 Nxd4 13. Bxd4 c5 14. Be3 Qc8 15. Na4 Rd8 16. Qc2 Nxa4 17. Qxa4 b5 18. Qa3 Bd5 19. Bxc5 Bxg2 20. Kxg2 Qb7+ 21. Qf3 Qd7 22. Rfd1 Qe6 23. Bxe7 Qxe7 24. Qb3+ Kh8 25. Rxd8+ Rxd8 26. Qxb5 Qe4+ 27. f3 Qe3 28. Qd3 Qb6 29. Qc3 Re8 30. Rc2 h6 31. h4 Qa6 32. Kf2 Qxa2 33. h5 Qa6 34. Qc4 Qa5 35. Qf7 Qe5 36. Qxa7 Qxh5 37. Kg2 Qb5 38. Qf2 Qb3 39. e4 Rd8 40. Qc5 Qd3 41. Qc3 Qd1 42. b4 f5 43. exf5 Rd3 44. Qc8+ Kh7 45. Qc6 Rd2+ 46. Rxd2 Qxd2+ 47. Kh3 Qxb4 48. Qg6+ Kh8 49. f6 gxf6 50. Qxh6+ Kg8 51. Qg6+ Kh8 52. Qxf6+ Kg8 53. Qg5+ Kf7 54. Qf5+ Ke7 55. Qe4+ Qxe4 56. fxe4 Kf6 57. Kg4 Ke5 58. Kh5 Kxe4 59. g4 Ke5 60. Kh6 Kf6 61. g5+ Kf7 62. Kh7 1-0

[Event "Sitges Sunway op-A 11th"]
[Site "Sitges"]
[Date "2024.12.20"]
[Round "8"]
[White "Guez, Fabien"]
[Black "Sayce, Hannah"]
[Result "0-1"]
[WhiteElo "1968"]
[BlackElo "1821"]
[PlyCount "110"]
[EventDate "2024.12.12"]
[EventType "swiss"]
[EventRounds "10"]
[EventCountry "ESP"]
[SourceTitle "CB52_2024"]
[SourceDate "2024.12.25"]
[SourceVersion "1"]
[SourceVersionDate "2024.12.25"]
[SourceQuality "1"]

1. e4 c5 2. Nf3 d6 3. Bb5+ Nd7 4. d4 cxd4 5. Qxd4 Ngf6 6. 0-0 a6 7. Bxd7+ Bxd7 8. c4 Bc6 9. Nc3 e6 10. Bg5 Be7 11. Rad1 Qa5 12. Rfe1 0-0 13. Rd2 Rfd8 14. Nd5 Bxd5 15. exd5 e5 16. Qd3 h6 17. Bxf6 Bxf6 18. a3 Rac8 19. b4 Qa4 20. Rc2 Qd7 21. Nd2 Be7 22. Nb3 b5 23. cxb5 Rxc2 24. Qxc2 Rc8 25. Qd3 axb5 26. Na5 Bg5 27. Nc6 Qb7 28. g3 g6 29. f4 exf4 30. gxf4 Bh4 31. Re2 Qd7 32. Qe3 Qg4+ 33. Kh1 Qf5 34. Qe4 Qh3 35. Rg2 Kg7 36. f5 Bg5 37. fxg6 fxg6 38. Qd4+ Bf6 39. Qe4 Bg5 40. Qd4+ Kh7 41. Rf2 Qd7 42. Qd3 Qe8 43. Qf3 Kg7 44. Kg2 h5 45. Nd4 Kh6 46. Ne6 Rc4 47. h3 Bc1 48. Qf6 Qg8 49. Qe7 Qh8 50. Rf6 Bb2 51. Rxg6+ Kxg6 52. Qg5+ Kf7 53. Qf5+ Ke7 54. Ng5 Qg8 55. Kh1 Be5 0-1

[Event "Sitges Sunway op-A 11th"]
[Site "Sitges"]
[Date "2024.12.18"]
[Round "6"]
[White "Mnatsakanyan, Aren"]
[Black "Sayce, Hannah"]
[Result "1-0"]
[WhiteElo "1939"]
[BlackElo "1821"]
[PlyCount "112"]
[EventDate "2024.12.12"]
[EventType "swiss"]
[EventRounds "10"]
[EventCountry "ESP"]
[SourceTitle "CB52_2024"]
[SourceDate "2024.12.25"]
[SourceVersion "1"]
[SourceVersionDate "2024.12.25"]
[SourceQuality "1"]

1. c4 c5 2. Nc3 Nc6 3. Nf3 Nf6 4. e3 g6 5. d4 cxd4 6. exd4 d5 7. cxd5 Nxd5 8. Bc4 Nxc3 9. Qb3 Nd5 10. Bxd5 e6 11. Bxc6+ bxc6 12. 0-0 Qd5 13. Qc3 Be7 14. Bh6 f6 15. Be3 Kf7 16. Rac1 Bd7 17. Nd2 Rhb8 18. Nb3 Bb4 19. Qc2 Bd6 20. Nc5 Bxc5 21. dxc5 Qxa2 22. Rfd1 Be8 23. Qe4 Rd8 24. Rd6 Rxd6 25. cxd6 Qd5 26. Qb4 Rd8 27. Bc5 e5 28. Ra1 Rd7 29. h3 Ke6 30. Qb8 Bf7 31. b4 Kf5 32. Rxa7 Rxa7 33. Qxa7 h5 34. Qa4 h4 35. Qc2+ Ke6 36. Qe2 f5 37. f4 Be8 38. Qf2 Qe4 39. Qa2+ Qd5 40. Qa8 Qd1+ 41. Kh2 Bd7 42. Qg8+ Kf6 43. Qd8+ Ke6 44. Qe7+ Kd5 45. Qxd7 Qc1 46. Qf7+ Ke4 47. Qb3 Qxf4+ 48. Kh1 Qc1+ 49. Bg1 f4 50. Qf3+ Kf5 51. d7 Qd2 52. Qxc6 f3 53. Qxf3+ Ke6 54. Qc6+ Ke7 55. Bc5+ Kf7 56. Qc8 Qd3 1-0

[Event "Andorra op 40th"]
[Site "Escaldes"]
[Date "2024.07.28"]
[Round "9"]
[White "Sayce, Hannah"]
[Black "Mirza, Gabriel"]
[Result "1-0"]
[WhiteElo "1825"]
[BlackElo "1723"]
[PlyCount "76"]
[EventDate "2024.07.20"]
[EventType "swiss"]
[EventRounds "9"]
[EventCountry "AND"]
[SourceTitle "CBM 221 Extra"]
[Source "ChessBase"]
[SourceDate "2024.09.30"]
[SourceVersion "1"]
[SourceVersionDate "2024.09.30"]
[SourceQuality "1"]

1. e4 d6 2. d4 Nf6 3. Nc3 Nbd7 4. Be3 e5 5. Be2 Be7 6. Qd2 c6 7. a4 a5 8. h3 Qc7 9. Nf3 0-0 10. 0-0 Kh8 11. Rad1 Ne8 12. Nh2 Ndf6 13. Kh1 g6 14. f4 Ng7 15. fxe5 dxe5 16. dxe5 Qxe5 17. Bd4 Qe6 18. Qh6 Rg8 19. b3 c5 20. Bc4 cxd4 21. Bxe6 Nxe6 22. Nd5 Nxd5 23. Rxf7 Rg7 24. Rxg7 Nxg7 25. exd5 Nf5 26. Qd2 Bd6 27. Nf3 b6 28. Nxd4 Ng3+ 29. Kg1 Bc5 30. Qe3 Nf5 31. Qe5+ Kg8 32. c3 Bd7 33. Qc7 Be8 34. g4 Bd6 35. Qxb6 Rb8 36. Qxb8 Bxb8 37. gxf5 Ba7 38. fxg6 hxg6 1-0

[Event "Andorra op 40th"]
[Site "Escaldes"]
[Date "2024.07.26"]
[Round "7"]
[White "Sayce, Hannah"]
[Black "Muratet Casadevall, Jordi"]
[Result "0-1"]
[WhiteElo "1825"]
[BlackElo "1746"]
[PlyCount "104"]
[EventDate "2024.07.20"]
[EventType "swiss"]
[EventRounds "9"]
[EventCountry "AND"]
[SourceTitle "CBM 221 Extra"]
[Source "ChessBase"]
[SourceDate "2024.09.30"]
[SourceVersion "1"]
[SourceVersionDate "2024.09.30"]
[SourceQuality "1"]

1. e4 e5 2. Nf3 Nc6 3. Bb5 a6 4. Ba4 b5 5. Bb3 Bc5 6. d3 Nf6 7. 0-0 d6 8. c3 0-0 9. a4 Bg4 10. Re1 b4 11. a5 h6 12. Nbd2 Re8 13. h3 Bh5 14. Ba4 Qd7 15. d4 exd4 16. cxd4 Bxd4 17. Bxc6 Qxc6 18. Nxd4 Qc5 19. N4f3 Rad8 20. Nb3 Qa7 21. Nbd2 Re6 22. Qa4 c5 23. b3 Bxf3 24. gxf3 Nh5 25. Nc4 Rg6+ 26. Kf1 Qe7 27. Ke2 d5 28. Nd2 Nf4+ 29. Kd1 Nd3 30. Re2 Rg1+ 31. Kc2 Qe5 32. Nb1 Rxc1+ 33. Kd2 Qb2+ 34. Ke3 Qd4+ 35. Kd2 Rg1 36. Kc2 Ne1+ 37. Rxe1 Rxe1 38. e5 Qxf2+ 39. Nd2 Re2 40. Rd1 Qe3 41. Qa1 d4 42. Kc1 Qxe5 43. Qb2 Re8 44. Qc2 Re1 45. Ne4 Rxd1+ 46. Qxd1 Qf4+ 47. Kb2 Qh2+ 48. Qc2 Qxc2+ 49. Kxc2 Rxe4 50. fxe4 f6 51. Kd3 Kf7 52. Kc4 Ke6 0-1

[Event "Monteolivete op 3rd"]
[Site "Alboraia"]
[Date "2023.07.20"]
[Round "5"]
[White "Sayce, Hannah"]
[Black "Segura del Frago, Imanol"]
[Result "0-1"]
[WhiteElo "1565"]
[BlackElo "1939"]
[PlyCount "138"]
[EventDate "2023.07.17"]
[EventType "swiss"]
[EventRounds "9"]
[EventCountry "ESP"]
[SourceTitle "CBM 215 Extra"]
[Source "ChessBase"]
[SourceDate "2023.09.30"]
[SourceVersion "1"]
[SourceVersionDate "2023.09.30"]
[SourceQuality "1"]

1. Nf3 c5 2. g3 Nc6 3. Bg2 g6 4. 0-0 Bg7 5. e4 e6 6. Re1 Nge7 7. d3 0-0 8. Nbd2 d5 9. Nf1 Rb8 10. Rb1 b5 11. e5 b4 12. Bf4 Qa5 13. Qc1 Nf5 14. h4 Ba6 15. Ne3 Nxe3 16. Qxe3 Rfc8 17. Bh6 Nd4 18. Nxd4 cxd4 19. Qd2 Bxh6 20. Qxh6 Rxc2 21. h5 Bxd3 22. Qf4 Qc5 23. Rbd1 Be4 24. f3 d3+ 25. Kh1 d2 26. Rxd2 Rxd2 27. Qxd2 Qc2 28. Qf4 Bd3 29. Rc1 Qxb2 30. Rc7 Rf8 31. h6 f6 32. Rg7+ Kh8 33. exf6 Qxf6 34. Qe3 g5 35. Qxd3 Qxh6+ 36. Kg1 Qxg7 37. Qb3 Qa1+ 38. Kh2 Qd4 39. Qa4 Kg7 40. Qd7+ Kf6 41. Qxh7 e5 42. Qh6+ Kf7 43. Qh7+ Ke6 44. Bh3+ Kd6 45. Qd7+ Kc5 46. Qe7+ Kc4 47. Qxf8 Qb2+ 48. Bg2 Qxa2 49. Qc8+ Kd4 50. Qg4+ Kc3 51. Qxg5 Qe2 52. Qc1+ Kd4 53. Qa1+ Kd3 54. Kh3 Qe3 55. Bf1+ Kd2 56. Kg2 b3 57. Qa5+ Kc2 58. Qc7+ Qc3 59. Qh7+ Kc1 60. Qh6+ Qd2+ 61. Qxd2+ Kxd2 62. Bb5 b2 63. Bc6 b1Q 64. Bxd5 a5 65. g4 a4 66. Be4 Qe1 67. g5 Qh4 68. g6 a3 69. Bb1 Kc1 0-1

[Event "Monteolivete op 3rd"]
[Site "Alboraia"]
[Date "2023.07.18"]
[Round "3"]
[White "Sayce, Hannah"]
[Black "Follana Albelda, Lucia"]
[Result "1/2-1/2"]
[WhiteElo "1565"]
[BlackElo "1922"]
[PlyCount "129"]
[EventDate "2023.07.17"]
[EventType "swiss"]
[EventRounds "9"]
[EventCountry "ESP"]
[SourceTitle "CBM 215 Extra"]
[Source "ChessBase"]
[SourceDate "2023.09.30"]
[SourceVersion "1"]
[SourceVersionDate "2023.09.30"]
[SourceQuality "1"]

1. e4 c5 2. Nc3 d6 3. g3 a6 4. Nge2 b5 5. Bg2 Bb7 6. 0-0 e6 7. d4 cxd4 8. Nxd4 Qc7 9. a3 Nf6 10. f4 Nc6 11. Be3 Be7 12. f5 e5 13. Nb3 Rc8 14. Qd2 Nb8 15. Rac1 Ng4 16. Nd5 Bxd5 17. exd5 Nxe3 18. Qxe3 Nd7 19. Nd2 h6 20. h4 Bd8 21. c4 Qb8 22. Qe2 b4 23. Ne4 Bb6+ 24. Kh2 Bd4 25. axb4 Qxb4 26. f6 g6 27. c5 Bxc5 28. Qxa6 0-0 29. h5 Nb6 30. hxg6 fxg6 31. Nxc5 dxc5 32. Qd3 Qg4 33. Bh3 Qh5 34. d6 c4 35. Qe4 Rcd8 36. f7+ Kh7 37. Rf6 Nd7 38. Rxg6 Nc5 39. Rg5+ Nxe4 40. Rxh5 Ng5 41. Bf5+ Kg7 42. d7 Rxf7 43. g4 Nf3+ 44. Kg3 Nd4 45. Rxc4 Nxf5+ 46. Rxf5 Rdxd7 47. b4 Rd3+ 48. Kf2 Re7 49. Ke2 Rb3 50. Kd2 e4 51. Kc2 Rg3 52. Rf4 Rg2+ 53. Kc3 Re2 54. b5 Kg6 55. b6 Kg5 56. Rc7 Kxf4 57. Rxe7 Re3+ 58. Kb4 Re1 59. Kc5 Rb1 60. b7 e3 61. Kd4 e2 62. Rxe2 Rxb7 63. Re4+ Kg5 64. Ke3 Rb3+ 65. Kf2 1/2-1/2